[Event "Arber op 8th"]
[Site "Bodenmais"]
[Date "2019.08.04"]
[Round "9"]
[White "Villani, Cristian"]
[Black "Nahlik, Bernhard"]
[Result "1/2-1/2"]
[WhiteElo "2017"]
[BlackElo "1744"]
[PlyCount "53"]
[EventDate "2019.07.27"]
[EventType "swiss"]
[EventRounds "9"]
[EventCountry "GER"]
[SourceTitle "CBM 191 Extra"]
[Source "ChessBase"]
[SourceDate "2019.09.30"]
[SourceVersion "1"]
[SourceVersionDate "2019.09.30"]
[SourceQuality "1"]

1. Nf3 Nf6 2. d4 g6 3. Bf4 Bg7 4. e3 0-0 5. Nbd2 c5 6. c3 b6 7. Bd3 Nc6 8. h3 Bb7 9. 0-0 d5 10. Ne5 Nd7 11. Nxc6 Bxc6 12. Bh2 e5 13. dxe5 Nxe5 14. Be2 Qe7 15. Nf3 Rad8 16. Re1 Nxf3+ 17. Bxf3 Qb7 18. Qc2 Rfe8 19. Rad1 h5 20. Re2 Rd7 21. Red2 Red8 22. Bf4 Bf6 23. a4 b5 24. a5 b4 25. Ra1 b3 26. Qc1 a6 27. Ra3 1/2-1/2

[Event "Arber op 7th"]
[Site "Bodenmais"]
[Date "2018.08.04"]
[Round "8"]
[White "Grabmeier, Johannes"]
[Black "Villani, Cristian"]
[Result "0-1"]
[WhiteElo "1906"]
[BlackElo "2010"]
[PlyCount "82"]
[EventDate "2018.07.28"]
[EventType "swiss"]
[EventRounds "9"]
[EventCountry "GER"]
[SourceTitle "EXT 2019"]
[Source "ChessBase"]
[SourceDate "2018.10.10"]
[SourceVersion "1"]
[SourceVersionDate "2018.10.10"]
[SourceQuality "1"]

1. b3 Nf6 2. Bb2 g6 3. Bxf6 exf6 4. c4 Nc6 5. Nc3 Ne7 6. d4 d5 7. c5 Bg7 8. e3 0-0 9. Nf3 Bg4 10. Be2 h6 11. 0-0 Bxf3 12. Bxf3 f5 13. g3 Kh8 14. b4 c6 15. Rb1 Qd7 16. Kh1 g5 17. Ne2 Ng6 18. Bh5 Qe6 19. Qd3 a6 20. a4 Ne7 21. Bf3 Ng8 22. Bg2 Nf6 23. Rb3 Rfe8 24. Rfb1 Ng4 25. Kg1 h5 26. Bf3 Bh6 27. h3 Nf6 28. Kh2 Ne4 29. Bxe4 fxe4 30. Qc2 f5 31. b5 axb5 32. axb5 f4 33. bxc6 bxc6 34. Rb7 fxe3 35. f3 Rf8 36. Ng1 g4 37. f4 h4 38. Ne2 hxg3+ 39. Nxg3 Bxf4 40. Qg2 Qh6 41. Rc7 Bxc7 0-1

[Event "Arber op 7th"]
[Site "Bodenmais"]
[Date "2018.08.01"]
[Round "5"]
[White "Villani, Cristian"]
[Black "Lorenc, Tomas"]
[Result "0-1"]
[WhiteElo "2010"]
[BlackElo "2208"]
[PlyCount "70"]
[EventDate "2018.07.28"]
[EventType "swiss"]
[EventRounds "9"]
[EventCountry "GER"]
[SourceTitle "CBM 185 Extra"]
[Source "ChessBase"]
[SourceDate "2018.07.29"]
[SourceVersion "1"]
[SourceVersionDate "2018.07.29"]
[SourceQuality "1"]

1. Nf3 Nf6 2. g3 b5 3. Bg2 Bb7 4. 0-0 e6 5. d3 d5 6. Nbd2 Be7 7. c3 a5 8. Re1 0-0 9. a4 b4 10. c4 c5 11. cxd5 exd5 12. Qc2 Nbd7 13. e4 c4 14. dxc4 dxe4 15. Ng5 e3 16. Rxe3 Bxg2 17. Kxg2 Bc5 18. Re2 Qb6 19. Nde4 b3 20. Qd3 Rad8 21. Be3 Qc6 22. f3 h6 23. Nh3 Ne5 24. Nxf6+ gxf6 25. Qe4 Qxe4 26. fxe4 Bxe3 27. Rxe3 Rd2+ 28. Kg1 Rxb2 29. Rc3 Rd8 30. Nf4 Rdd2 31. c5 Rdc2 32. Rxc2 Rxc2 33. Rb1 b2 34. c6 Rc1+ 35. Kg2 Rxb1 0-1

[Event "Arber op 7th"]
[Site "Bodenmais"]
[Date "2018.07.31"]
[Round "4"]
[White "Villani, Cristian"]
[Black "Schelle, Artur"]
[Result "1/2-1/2"]
[WhiteElo "2010"]
[BlackElo "2206"]
[PlyCount "123"]
[EventDate "2018.07.28"]
[EventType "swiss"]
[EventRounds "9"]
[EventCountry "GER"]
[SourceTitle "CBM 185 Extra"]
[Source "ChessBase"]
[SourceDate "2018.07.29"]
[SourceVersion "1"]
[SourceVersionDate "2018.07.29"]
[SourceQuality "1"]

1. Nf3 g6 2. e4 Bg7 3. d4 d6 4. Nc3 Nf6 5. Be2 0-0 6. 0-0 c6 7. a4 Qc7 8. h3 Nbd7 9. Be3 Re8 10. Qd2 e5 11. dxe5 dxe5 12. Bc4 Nf8 13. Ng5 Be6 14. Nxe6 Nxe6 15. Bxe6 Rxe6 16. Rfd1 Re7 17. Qe2 Rd7 18. Rxd7 Nxd7 19. Rd1 Nf8 20. Qd3 Bf6 21. Qd6 Qxd6 22. Rxd6 Be7 23. Rd1 b6 24. Bh6 Rd8 25. Bxf8 Kxf8 26. Kf1 Ke8 27. Rxd8+ Bxd8 28. Ke2 a6 29. Na2 Be7 30. b4 b5 31. axb5 axb5 32. c3 Kd7 33. Nc1 Bd8 34. Nd3 Kd6 35. g3 h5 36. f4 Bf6 37. Kd2 h4 38. fxe5+ Bxe5 39. g4 Bf6 40. Kc2 Be7 41. Kb3 Bg5 42. c4 Be3 43. cxb5 cxb5 44. Kc2 Ke6 45. Kd1 f5 46. gxf5+ gxf5 47. exf5+ Kxf5 48. Ke2 Ke4 49. Ne5 Bb6 50. Ng6 Bd8 51. Nf8 Bf6 52. Ne6 Be5 53. Nd8 Bc7 54. Nc6 Bb6 55. Ne7 Bd4 56. Nc8 Kf4 57. Nd6 Be5 58. Nxb5 Kg3 59. Kf1 Kh2 60. Na3 Bd4 61. Nc2 Ba7 62. Ne1 1/2-1/2

[Event "Arber op 7th"]
[Site "Bodenmais"]
[Date "2018.07.30"]
[Round "3"]
[White "Bensch, Patrick"]
[Black "Villani, Cristian"]
[Result "1/2-1/2"]
[WhiteElo "2197"]
[BlackElo "2010"]
[PlyCount "83"]
[EventDate "2018.07.28"]
[EventType "swiss"]
[EventRounds "9"]
[EventCountry "GER"]
[SourceTitle "CBM 185 Extra"]
[Source "ChessBase"]
[SourceDate "2018.07.29"]
[SourceVersion "1"]
[SourceVersionDate "2018.07.29"]
[SourceQuality "1"]

1. e4 c6 2. d4 d5 3. e5 Bf5 4. Nc3 e6 5. g4 Bg6 6. Nge2 h6 7. h4 Nd7 8. h5 Bh7 9. Be3 Qb6 10. Rb1 Qa5 11. a3 b5 12. f4 Nb6 13. Bd2 Nc4 14. Nc1 Qb6 15. Bxc4 dxc4 16. Be3 Ne7 17. N1e2 0-0-0 18. Qc1 Nd5 19. Nxd5 cxd5 20. 0-0 g6 21. Ng3 Rg8 22. g5 gxh5 23. Nxh5 Be7 24. Kf2 Bg6 25. Nf6 Bxf6 26. exf6 hxg5 27. fxg5 Be4 28. Ke1 Rh8 29. Qd2 Kb7 30. Rc1 Rh3 31. Qf2 Rdh8 32. Bf4 Rf3 33. Qd2 Rxf1+ 34. Kxf1 Rh1+ 35. Ke2 Rxc1 36. Qxc1 Qxd4 37. Be3 Qe5 38. Bf4 Qf5 39. c3 Qg4+ 40. Ke3 Qf3+ 41. Kd4 Kc6 42. Qe3 1/2-1/2

[Event "Arber op 6th"]
[Site "Bodenmais"]
[Date "2017.08.04"]
[Round "7"]
[White "Villani, Cristian"]
[Black "Stensholt, Sigvat K"]
[Result "1-0"]
[WhiteElo "1993"]
[BlackElo "1794"]
[PlyCount "55"]
[EventDate "2017.07.29"]
[EventType "swiss"]
[EventRounds "9"]
[EventCountry "GER"]
[SourceTitle "CBM 179 Extra"]
[Source "ChessBase"]
[SourceDate "2017.08.23"]
[SourceVersion "1"]
[SourceVersionDate "2017.08.23"]
[SourceQuality "1"]

1. Nf3 d5 2. d4 Nf6 3. c4 dxc4 4. e3 e6 5. Bxc4 c5 6. 0-0 a6 7. Qe2 b5 8. Bb3 Bb7 9. Rd1 Qc7 10. Nc3 Be7 11. Bd2 cxd4 12. exd4 0-0 13. Rac1 Qd7 14. Ne5 Qe8 15. Bf4 Nbd7 16. d5 Nxe5 17. Qxe5 Nxd5 18. Nxd5 Bxd5 19. Bxd5 exd5 20. Qxd5 Bf6 21. Bd6 Rd8 22. Qf3 Bg5 23. Rc6 Be7 24. Re1 Rxd6 25. Rxd6 Bxd6 26. Rxe8 Rxe8 27. g3 Rb8 28. Qc6 1-0

[Event "Arber op 6th"]
[Site "Bodenmais"]
[Date "2017.08.02"]
[Round "5"]
[White "Villani, Cristian"]
[Black "Bensch, Patrick"]
[Result "1-0"]
[WhiteElo "1993"]
[BlackElo "2177"]
[PlyCount "85"]
[EventDate "2017.07.29"]
[EventType "swiss"]
[EventRounds "9"]
[EventCountry "GER"]
[SourceTitle "CBM 179 Extra"]
[Source "ChessBase"]
[SourceDate "2017.08.23"]
[SourceVersion "1"]
[SourceVersionDate "2017.08.23"]
[SourceQuality "1"]

1. Nf3 Nf6 2. d4 g6 3. Bf4 Bg7 4. Nbd2 0-0 5. c3 d6 6. e3 Nc6 7. Qc2 Qe8 8. Be2 e5 9. Bg3 Bf5 10. Qb3 Rb8 11. 0-0 e4 12. Ne1 Bg4 13. Bxg4 Nxg4 14. h3 Nh6 15. Qd5 Nf5 16. Bh2 Qd7 17. Qxe4 Rbe8 18. Qd3 d5 19. Nef3 Nd6 20. Bxd6 Qxd6 21. c4 dxc4 22. Qxc4 Nb4 23. Rac1 c6 24. a3 Nd5 25. Qc5 Qxc5 26. Rxc5 f5 27. Rcc1 Re6 28. Nb3 Rfe8 29. Rfe1 R6e7 30. Nc5 Bf6 31. Nd3 Kg7 32. Nfe5 h5 33. g3 h4 34. g4 Kh7 35. f4 g5 36. gxf5 gxf4 37. e4 Ne3 38. Nxf4 Bg5 39. Ne6 Bh6 40. Kf2 Rg8 41. Rxe3 Rg3 42. Rcc3 Bxe3+ 43. Rxe3 1-0

[Event "Arber op 5th"]
[Site "Bodenmais"]
[Date "2016.08.06"]
[Round "8"]
[White "Grund, Sebastian"]
[Black "Villani, Cristian"]
[Result "1/2-1/2"]
[WhiteElo "1757"]
[BlackElo "1998"]
[PlyCount "61"]
[EventDate "2016.07.30"]
[EventType "swiss"]
[EventRounds "9"]
[EventCountry "GER"]
[SourceTitle "CBM 173 Extra"]
[Source "ChessBase"]
[SourceDate "2016.08.29"]
[SourceVersion "1"]
[SourceVersionDate "2016.08.29"]
[SourceQuality "1"]

1. d4 Nf6 2. Nf3 d5 3. g3 c6 4. Bg2 Bf5 5. c4 e6 6. Nc3 Nbd7 7. 0-0 Be7 8. Qb3 Qb6 9. c5 Qxb3 10. axb3 Ne4 11. Nd2 Nxd2 12. Bxd2 Bc2 13. b4 Bf6 14. e3 0-0 15. f4 a6 16. Rfc1 Bd3 17. Nd1 h6 18. Nf2 Bf5 19. Bc3 Be7 20. Re1 Nf6 21. e4 Bxe4 22. Nxe4 Nxe4 23. Bxe4 dxe4 24. Rxe4 Bf6 25. Rae1 Rad8 26. Kf2 Rd5 27. Rd1 Rfd8 28. Ke2 g6 29. Kd3 h5 30. Kc4 Kg7 31. Rd2 1/2-1/2

[Event "Arber op 5th"]
[Site "Bodenmais"]
[Date "2016.08.04"]
[Round "6"]
[White "Herbold, Manfred"]
[Black "Villani, Cristian"]
[Result "1-0"]
[WhiteElo "2143"]
[BlackElo "1998"]
[PlyCount "85"]
[EventDate "2016.07.30"]
[EventType "swiss"]
[EventRounds "9"]
[EventCountry "GER"]
[SourceTitle "CBM 173 Extra"]
[Source "ChessBase"]
[SourceDate "2016.08.29"]
[SourceVersion "1"]
[SourceVersionDate "2016.08.29"]
[SourceQuality "1"]

1. b3 d5 2. Bb2 Nf6 3. e3 Bg4 4. Be2 Bxe2 5. Qxe2 Nbd7 6. f4 e6 7. Nf3 Bd6 8. 0-0 c6 9. Ne5 Qc7 10. d4 Ne4 11. Nd2 Nxd2 12. Qxd2 f5 13. a4 Nf6 14. Nd3 Ne4 15. Qe2 Qe7 16. Nf2 Nxf2 17. Rxf2 0-0-0 18. c4 h6 19. c5 Bc7 20. b4 a6 21. b5 axb5 22. axb5 Kd7 23. Ra7 Rb8 24. Bc3 Rhc8 25. Qa2 Ke8 26. Rb2 Qd7 27. Qb1 g5 28. g3 gxf4 29. exf4 Qg7 30. bxc6 Bxf4 31. Rbxb7 Bxg3 32. Rxg7 Rxb1+ 33. Kg2 Kf8 34. hxg3 Rxc6 35. Rh7 Kg8 36. Rxh6 Rc1 37. Ba5 Rc2+ 38. Kh3 Rc1 39. Rg6+ Kf8 40. Bd2 Rh1+ 41. Kg2 Rh8 42. Bh6+ Ke8 43. Ra8+ 1-0

[Event "Porto San Giorgio op 26th"]
[Site "Porto San Giorgio"]
[Date "2015.08.23"]
[Round "2"]
[White "Villani, Cristian"]
[Black "Romanishin, Oleg M"]
[Result "0-1"]
[WhiteElo "2013"]
[BlackElo "2471"]
[PlyCount "118"]
[EventDate "2015.08.22"]
[EventType "swiss"]
[EventRounds "9"]
[EventCountry "ITA"]
[SourceTitle "EXT 2016"]
[Source "ChessBase"]
[SourceDate "2015.10.08"]
[SourceVersion "1"]
[SourceVersionDate "2015.10.08"]
[SourceQuality "1"]

1. Nf3 Nf6 2. c4 e6 3. Nc3 Bb4 4. Qc2 c5 5. a3 Ba5 6. g3 Nc6 7. Bg2 0-0 8. 0-0 d6 9. d3 e5 10. e4 Bg4 11. h3 Bxf3 12. Bxf3 Nd4 13. Qd1 Nxf3+ 14. Qxf3 Bxc3 15. bxc3 Ne8 16. Rb1 Rb8 17. Bd2 Qd7 18. Qg2 Nc7 19. f4 exf4 20. Bxf4 Ne6 21. Be3 b5 22. Qa2 Nc7 23. Kh2 Qe6 24. Bf4 Rb6 25. Qb3 bxc4 26. Qxc4 Rfb8 27. Rxb6 Rxb6 28. Rd1 h6 29. Rd2 g5 30. Be3 Qxc4 31. dxc4 Ne6 32. Rd3 Ra6 33. e5 dxe5 34. Rd5 Rxa3 35. Rxe5 Rxc3 36. Bxc5 Rc2+ 37. Kg1 a6 38. Be3 Rxc4 39. Ra5 Rc6 40. h4 f6 41. hxg5 hxg5 42. Kg2 Kf7 43. Kf3 Kg6 44. g4 Nc7 45. Ke4 Re6+ 46. Kf3 Nb5 47. Ra1 Rc6 48. Ke4 Kf7 49. Kd5 Re6 50. Bg1 Nc3+ 51. Kd4 Ne2+ 52. Kd3 Nxg1 53. Rxg1 a5 54. Ra1 Re5 55. Kd4 Rb5 56. Ke4 Rb4+ 57. Kf3 a4 58. Ra2 Rf4+ 59. Kg3 Ke6 0-1

[Event "Mare di Fano op 2nd"]
[Site "Fano"]
[Date "2013.08.04"]
[Round "9"]
[White "Gambardella, Piero"]
[Black "Villani, Cristian"]
[Result "1-0"]
[WhiteElo "1992"]
[BlackElo "2063"]
[PlyCount "39"]
[EventDate "2013.07.29"]
[EventType "swiss"]
[EventRounds "9"]
[EventCountry "ITA"]
[SourceTitle "EXT 2015"]
[Source "ChessBase"]
[SourceDate "2014.11.20"]
[SourceVersion "1"]
[SourceVersionDate "2014.11.20"]
[SourceQuality "1"]

1. d4 d5 2. c4 e6 3. Nc3 Nf6 4. Bg5 Nbd7 5. e3 c6 6. cxd5 exd5 7. Bd3 Be7 8. Qc2 Nf8 9. Nge2 Be6 10. 0-0 h6 11. Bh4 Qd7 12. Rab1 N8h7 13. b4 0-0 14. Na4 g5 15. Bg3 Ne4 16. f3 Nef6 17. Nc5 Qc8 18. Be5 Re8 19. Nxe6 fxe6 20. Bxh7+ 1-0

[Event "Verbandsliga Nord Baden 1213"]
[Site "Baden"]
[Date "2013.03.24"]
[Round "8.4"]
[White "Lieder, Christian"]
[Black "Villani, Cristian"]
[Result "1-0"]
[WhiteElo "2015"]
[BlackElo "2063"]
[PlyCount "71"]
[EventDate "2012.10.21"]
[EventType "team-tourn"]
[EventRounds "9"]
[EventCountry "GER"]
[SourceTitle "EXT 2014"]
[Source "ChessBase"]
[SourceDate "2013.11.20"]
[SourceVersion "1"]
[SourceVersionDate "2013.11.20"]
[SourceQuality "1"]
[WhiteTeam "Weinheim"]
[BlackTeam "Slavija KA"]
[WhiteTeamCountry "GER"]
[BlackTeamCountry "GER"]

1. d4 d5 2. c4 e6 3. Nf3 c6 4. e3 Nf6 5. Bd3 Nbd7 6. 0-0 Bd6 7. Nbd2 0-0 8. e4 e5 9. cxd5 cxd5 10. exd5 exd4 11. Ne4 Bb8 12. Bg5 Qb6 13. Nxf6+ Nxf6 14. Bxf6 Qxf6 15. Be4 Qf4 16. Qxd4 f5 17. Bc2 Qxd4 18. Nxd4 Be5 19. Rad1 Bd7 20. Rfe1 Bd6 21. a3 g6 22. Bb3 Rac8 23. Ne6 Rfe8 24. h4 h6 25. g3 Kf7 26. Kg2 Kf6 27. f4 Re7 28. Kf3 Ree8 29. h5 g5 30. fxg5+ hxg5 31. g4 f4 32. Rh1 Bxa3 33. Rh2 Bd6 34. h6 Rh8 35. Rdd2 Be5 36. Rh5 1-0

[Event "Verbandsliga Nord Baden 1213"]
[Site "Baden"]
[Date "2012.12.16"]
[Round "3.4"]
[White "Villani, Cristian"]
[Black "Nonnenmacher, Eberhard"]
[Result "1-0"]
[WhiteElo "2063"]
[BlackElo "2285"]
[PlyCount "80"]
[EventDate "2012.10.21"]
[EventType "team-tourn"]
[EventRounds "9"]
[EventCountry "GER"]
[SourceTitle "EXT 2014"]
[Source "ChessBase"]
[SourceDate "2013.11.20"]
[SourceVersion "1"]
[SourceVersionDate "2013.11.20"]
[SourceQuality "1"]
[WhiteTeam "Slavija KA"]
[BlackTeam "Heidelberg"]
[WhiteTeamCountry "GER"]
[BlackTeamCountry "GER"]

1. Nf3 Nf6 2. c4 b6 3. g3 Bb7 4. Bg2 e6 5. 0-0 Be7 6. Nc3 0-0 7. Re1 d5 8. cxd5 Nxd5 9. Nxd5 exd5 10. d4 Nd7 11. Bf4 c5 12. Qa4 a6 13. dxc5 Nxc5 14. Qd1 Bf6 15. Be3 Rc8 16. Bd4 Qe7 17. Rc1 Bxd4 18. Nxd4 Qf6 19. e3 a5 20. Re2 Rcd8 21. Rd2 Ba6 22. Qf3 Qxf3 23. Bxf3 Bb7 24. Nb5 Ne4 25. Rdc2 Ba6 26. Nd4 Rd7 27. Rc6 Rb8 28. Be2 Bxe2 29. Rxb6 Rdd8 30. Rxb8 Rxb8 31. Nxe2 a4 32. Rc2 g5 33. f3 Nd6 34. Nc3 Nc4 35. Nxa4 Nxe3 36. Rd2 Nc4 37. Rxd5 Nxb2 38. Rxg5+ Kf8 39. Nc3 Rc8 40. Ne2 Rc2 1-0

[Event "Verbandsliga Nord Baden 1112"]
[Site "Germany"]
[Date "2012.03.04"]
[Round "7.3"]
[White "Villani, Cristian"]
[Black "Schrepp, Martin"]
[Result "0-1"]
[WhiteElo "2071"]
[BlackElo "2268"]
[PlyCount "58"]
[EventDate "2011.10.09"]
[EventType "team-tourn"]
[EventRounds "9"]
[EventCountry "GER"]
[SourceTitle "EXT 2013"]
[Source "ChessBase"]
[SourceDate "2012.11.22"]
[SourceVersion "1"]
[SourceVersionDate "2012.11.22"]
[SourceQuality "1"]
[WhiteTeam "Slavija KA"]
[BlackTeam "Hockenheim II"]
[WhiteTeamCountry "GER"]
[BlackTeamCountry "GER"]

1. Nf3 d5 2. d4 c6 3. c4 e6 4. Qc2 f5 5. Bf4 Nf6 6. e3 Be7 7. Nc3 0-0 8. Bd3 Ne4 9. g4 Na6 10. a3 Nc7 11. gxf5 dxc4 12. Bxc4 Nxc3 13. Bxc7 Qxc7 14. bxc3 Kh8 15. Ne5 Bf6 16. f4 Bxe5 17. fxe5 exf5 18. Rf1 Qe7 19. Qa2 b5 20. Bb3 a5 21. Qg2 Be6 22. Rb1 Bxb3 23. Rxb3 Qe6 24. Qc2 Qc4 25. Rb2 c5 26. Rf4 Rac8 27. Kd2 g5 28. Rxf5 cxd4 29. cxd4 Qxc2+ 0-1

[Event "Verbandsliga Nord Baden 1112"]
[Site "Germany"]
[Date "2011.11.27"]
[Round "3.5"]
[White "Leibbrand, Udo Manfred"]
[Black "Villani, Cristian"]
[Result "1/2-1/2"]
[WhiteElo "2123"]
[BlackElo "2071"]
[PlyCount "157"]
[EventDate "2011.10.09"]
[EventType "team-tourn"]
[EventRounds "9"]
[EventCountry "GER"]
[SourceTitle "EXT 2013"]
[Source "ChessBase"]
[SourceDate "2012.11.22"]
[SourceVersion "1"]
[SourceVersionDate "2012.11.22"]
[SourceQuality "1"]
[WhiteTeam "Pforzheim"]
[BlackTeam "Slavija KA"]
[WhiteTeamCountry "GER"]
[BlackTeamCountry "GER"]

1. d4 e6 2. Nf3 d5 3. c4 c6 4. g3 dxc4 5. Bg2 b5 6. 0-0 Bb7 7. b3 cxb3 8. Qxb3 Nf6 9. Rd1 Qb6 10. Nc3 Be7 11. Bb2 0-0 12. e4 Nbd7 13. e5 Nd5 14. Ne4 c5 15. dxc5 Nxc5 16. Nxc5 Bxc5 17. Nd4 a6 18. Qf3 Rab8 19. Qe2 Nb4 20. a3 Bxg2 21. axb4 Bxd4 22. Bxd4 Qb7 23. Rd3 Bd5 24. Qe3 Rfd8 25. Rad1 Be4 26. R3d2 Bh1 27. f4 Bf3 28. Rf1 Bg4 29. Rff2 Rd7 30. Bb6 Rc8 31. Rxd7 Qxd7 32. Rd2 Qc6 33. Qc5 Qb7 34. Qxc8+ Qxc8 35. Rd8+ Qxd8 36. Bxd8 Kf8 37. h4 Ke8 38. Ba5 Kd7 39. Kf2 Kc6 40. Ke3 Kd5 41. Kd3 Bf5+ 42. Ke3 Kc4 43. Ke2 Be4 44. Ke3 Bg2 45. Kf2 Bh1 46. Ke3 h5 47. Kd2 Kd4 48. Bb6+ Ke4 49. Ke2 Bf3+ 50. Kf2 Bg4 51. Bd8 Kd3 52. Be7 Kd2 53. Bd8 Bd1 54. Bc7 Bb3 55. Bd8 Bd5 56. Bb6 Kc3 57. Ba5 Kd3 58. Bb6 f6 59. Bc7 Kc4 60. Ba5 fxe5 61. fxe5 Kd4 62. Bc7 Be4 63. Ke2 Bd5 64. Kf2 Bc4 65. Kf3 a5 66. Bxa5 Kxe5 67. Ke3 Kf5 68. Bc7 e5 69. Bb8 Bd5 70. Bc7 Bh1 71. Bb8 Ke6 72. Ba7 Kd5 73. Bc5 Ke6 74. Bf8 g6 75. Bc5 Kf5 76. Bd6 Ke6 77. Bc5 Kf5 78. Bd6 Ke6 79. Bc5 1/2-1/2

[Event "Verbandsliga Nord Baden 1112"]
[Site "Germany"]
[Date "2011.10.09"]
[Round "1.6"]
[White "Villani, Cristian"]
[Black "Schell, Peter"]
[Result "1-0"]
[WhiteElo "2071"]
[BlackElo "2108"]
[PlyCount "35"]
[EventDate "2011.10.09"]
[EventType "team-tourn"]
[EventRounds "9"]
[EventCountry "GER"]
[SourceTitle "EXT 2013"]
[Source "ChessBase"]
[SourceDate "2012.11.22"]
[SourceVersion "1"]
[SourceVersionDate "2012.11.22"]
[SourceQuality "1"]
[WhiteTeam "Slavija KA"]
[BlackTeam "Walldorf"]
[WhiteTeamCountry "GER"]
[BlackTeamCountry "GER"]

1. Nf3 b6 2. g3 Bb7 3. Bg2 e5 4. c4 Bc5 5. 0-0 e4 6. Nh4 g5 7. Nf5 Qf6 8. Ne3 Bxe3 9. dxe3 Na6 10. Nc3 Qe6 11. Qd4 Nf6 12. Nxe4 Bxe4 13. Bxe4 0-0-0 14. Bg2 d5 15. cxd5 Nxd5 16. Qa4 Nc5 17. Qxa7 Ne4 18. Qa8+ 1-0

[Event "Oberliga Baden 0910"]
[Site "Germany"]
[Date "2010.04.11"]
[Round "9.6"]
[White "Franke, Michael"]
[Black "Villani, Cristian"]
[Result "1/2-1/2"]
[WhiteElo "2163"]
[BlackElo "2067"]
[PlyCount "82"]
[EventDate "2009.10.18"]
[EventType "team-tourn"]
[EventRounds "9"]
[EventCountry "GER"]
[SourceTitle "EXT 2011"]
[Source "ChessBase"]
[SourceDate "2010.11.26"]
[SourceVersion "1"]
[SourceVersionDate "2010.11.26"]
[SourceQuality "1"]
[WhiteTeam "Eppingen II"]
[BlackTeam "Slavija KA"]
[WhiteTeamCountry "GER"]
[BlackTeamCountry "GER"]

1. Nf3 d5 2. d4 Nf6 3. c4 c6 4. e3 Bg4 5. Nc3 e6 6. h3 Bxf3 7. Qxf3 Nbd7 8. Bd3 Bd6 9. 0-0 0-0 10. e4 dxe4 11. Nxe4 Nxe4 12. Bxe4 Nf6 13. Bc2 e5 14. dxe5 Bxe5 15. Bg5 Qa5 16. Bh4 Qd2 17. Bxf6 Bxf6 18. Qf5 Qh6 19. Rad1 Qg6 20. Rd7 Qxf5 21. Bxf5 Rab8 22. b3 Rfd8 23. Rfd1 Rxd7 24. Rxd7 g6 25. Bg4 a5 26. Bf3 Kf8 27. Kf1 Be5 28. Ke2 Ke8 29. Rd3 Bc7 30. c5 Rd8 31. Rxd8+ Kxd8 32. Kd3 Ke7 33. a3 Ke6 34. b4 axb4 35. axb4 Be5 36. Kc4 Bh2 37. b5 Kd7 38. Bg4+ f5 39. Bd1 Bg1 40. f3 Bf2 41. g4 fxg4 1/2-1/2

[Event "Oberliga Baden 0910"]
[Site "Germany"]
[Date "2010.02.07"]
[Round "6.6"]
[White "Villani, Cristian"]
[Black "Nekrasov, Mihail"]
[Result "0-1"]
[WhiteElo "2067"]
[BlackElo "2372"]
[PlyCount "48"]
[EventDate "2009.10.18"]
[EventType "team-tourn"]
[EventRounds "9"]
[EventCountry "GER"]
[SourceTitle "EXT 2011"]
[Source "ChessBase"]
[SourceDate "2010.11.26"]
[SourceVersion "1"]
[SourceVersionDate "2010.11.26"]
[SourceQuality "1"]
[WhiteTeam "Slavija KA"]
[BlackTeam "Hockenheim"]
[WhiteTeamCountry "GER"]
[BlackTeamCountry "GER"]

1. Nf3 d5 2. d4 Nf6 3. c4 e6 4. Nc3 Bb4 5. Bg5 Nbd7 6. e3 c5 7. Qa4 0-0 8. dxc5 Bxc3+ 9. bxc3 Nxc5 10. Qb4 Nce4 11. Bd3 a5 12. Qa3 Nxg5 13. Nxg5 e5 14. cxd5 Qxd5 15. Nxh7 Qxd3 16. Qxf8+ Kxh7 17. Qa3 Be6 18. Qb2 Ne4 19. Rc1 Rd8 20. Qc2 Nc5 21. f3 Bxa2 22. Kf2 Bb3 23. Qe2 Qxe2+ 24. Kxe2 Bc4+ 0-1

[Event "Oberliga Baden 0910"]
[Site "Germany"]
[Date "2009.11.15"]
[Round "2.6"]
[White "Villani, Cristian"]
[Black "Mueller, Olaf"]
[Result "0-1"]
[WhiteElo "2060"]
[BlackElo "2297"]
[PlyCount "48"]
[EventDate "2009.10.18"]
[EventType "team-tourn"]
[EventRounds "9"]
[EventCountry "GER"]
[SourceTitle "EXT 2011"]
[Source "ChessBase"]
[SourceDate "2010.11.26"]
[SourceVersion "1"]
[SourceVersionDate "2010.11.26"]
[SourceQuality "1"]
[WhiteTeam "Slavija KA"]
[BlackTeam "Kirchheim"]
[WhiteTeamCountry "GER"]
[BlackTeamCountry "GER"]

1. Nf3 Nf6 2. c4 e6 3. g3 d5 4. d4 dxc4 5. Bg2 Bd7 6. Ne5 Bc6 7. Nxc6 Nxc6 8. Qa4 Bb4+ 9. Bd2 Nd5 10. Bxb4 Ndxb4 11. a3 b5 12. Qxb5 Nc2+ 13. Kd1 0-0 14. Qxc6 Nxa1 15. Qxc4 Rb8 16. b4 c5 17. e3 cxd4 18. exd4 Rc8 19. Bc6 Qb6 20. b5 Rfd8 21. Kc1 Rxd4 22. Qc3 Rd6 23. Qxa1 Rdxc6+ 24. bxc6 Qxc6+ 0-1

[Event "Verbandsliga Nord Baden 0809"]
[Site "Germany"]
[Date "2009.02.08"]
[Round "6.6"]
[White "Gassner, Michael"]
[Black "Villani, Cristian"]
[Result "1-0"]
[WhiteElo "2134"]
[BlackElo "2037"]
[PlyCount "117"]
[EventDate "2008.09.28"]
[EventType "team"]
[EventRounds "9"]
[EventCountry "GER"]
[SourceTitle "EXT 2010"]
[Source "ChessBase"]
[SourceDate "2010.11.25"]
[SourceVersion "1"]
[SourceVersionDate "2010.11.25"]
[SourceQuality "1"]
[WhiteTeam "Pfinztal"]
[BlackTeam "Slavija KA"]
[WhiteTeamCountry "GER"]
[BlackTeamCountry "GER"]

1. c4 e6 2. Nc3 d5 3. d4 Nf6 4. Bf4 Bd6 5. Bg3 Nc6 6. Nf3 Ne4 7. Bxd6 Qxd6 8. Qc2 Nxc3 9. bxc3 b6 10. cxd5 exd5 11. e3 Bg4 12. Bd3 Bh5 13. Nd2 Bg6 14. e4 dxe4 15. Nxe4 Qd5 16. 0-0 0-0 17. f4 Rad8 18. Rad1 Bh5 19. Rd2 f5 20. Ng3 Bg6 21. h4 h6 22. Be2 Qd6 23. h5 Bh7 24. Bc4+ Kh8 25. Re2 Rde8 26. Rxe8 Rxe8 27. Bd3 Ne7 28. Nxf5 Nxf5 29. Bxf5 Bxf5 30. Qxf5 Qe6 31. Qxe6 Rxe6 32. Kf2 Rc6 33. Rc1 Kg8 34. Kf3 Kf7 35. g4 Rc4 36. Ke4 Ra4 37. Rc2 Ke6 38. c4 Ra5 39. d5+ Kf6 40. Rg2 Rc5 41. g5+ hxg5 42. fxg5+ Ke7 43. Kd4 Kf7 44. Rf2+ Kg8 45. g6 Ra5 46. Rf7 Rc5 47. Re7 Kf8 48. Re6 a6 49. a3 Ra5 50. Rc6 Rxa3 51. Rxc7 Ra1 52. Rf7+ Kg8 53. d6 Rd1+ 54. Ke5 a5 55. Rb7 Re1+ 56. Kd5 Kf8 57. Rf7+ Ke8 58. Rxg7 a4 59. Kc6 1-0